<?xml version="1.0" encoding="UTF-8"?>
<record
    xmlns:xsi="http://www.w3.org/2001/XMLSchema-instance"
    xsi:schemaLocation="http://www.loc.gov/MARC21/slim http://www.loc.gov/standards/marcxml/schema/MARC21slim.xsd"
    xmlns="http://www.loc.gov/MARC21/slim">

  <leader>02708nam a2200409 i 4500</leader>
  <controlfield tag="003">DO-SdBNP</controlfield>
  <controlfield tag="005">20250131160213.0</controlfield>
  <controlfield tag="007">ta</controlfield>
  <controlfield tag="008">221128e2010    dr  db|gr|||| 001 e spa d</controlfield>
  <datafield tag="020" ind1=" " ind2=" ">
    <subfield code="a">9789945860436</subfield>
  </datafield>
  <datafield tag="040" ind1=" " ind2=" ">
    <subfield code="a">DO-SdBNP</subfield>
    <subfield code="b">spa</subfield>
    <subfield code="c">BNPHU</subfield>
    <subfield code="e">rda</subfield>
  </datafield>
  <datafield tag="082" ind1=" " ind2="4">
    <subfield code="2">22</subfield>
    <subfield code="b">F935d</subfield>
  </datafield>
  <datafield tag="245" ind1="1" ind2="3">
    <subfield code="a">La frontera dominico- haitiana. /</subfield>
    <subfield code="c">Haroldo Dilla Alfonso,... [et. al.]; Editor, Clarissa Carmona ; Traducciones, Mart&#xED;n Rapilly y Diana Contreras; </subfield>
  </datafield>
  <datafield tag="264" ind1=" " ind2=" ">
    <subfield code="a">Santo Domingo :</subfield>
    <subfield code="b">Manat&#xED;,</subfield>
    <subfield code="c">2010.</subfield>
  </datafield>
  <datafield tag="300" ind1=" " ind2=" ">
    <subfield code="a">355 p&#xE1;ginas:</subfield>
    <subfield code="b">ilustraciones, fotograf&#xED;as, gr&#xE1;ficos y mapas ;</subfield>
    <subfield code="c">23 cm.</subfield>
  </datafield>
  <datafield tag="336" ind1=" " ind2=" ">
    <subfield code="2">rdacontent</subfield>
    <subfield code="a">texto</subfield>
    <subfield code="b">txt</subfield>
  </datafield>
  <datafield tag="337" ind1=" " ind2=" ">
    <subfield code="2">rdamedia</subfield>
    <subfield code="a">sin mediaci&#xF3;n</subfield>
    <subfield code="b">n</subfield>
  </datafield>
  <datafield tag="338" ind1=" " ind2=" ">
    <subfield code="2">rdacarrier</subfield>
    <subfield code="a">volumen</subfield>
    <subfield code="b">nc</subfield>
  </datafield>
  <datafield tag="490" ind1=" " ind2=" ">
    <subfield code="a">Ciudades y Fronteras</subfield>
  </datafield>
  <datafield tag="500" ind1=" " ind2=" ">
    <subfield code="a">Incluye bibliograf&#xED;a y notas al pi&#xE9; de p&#xE1;ginas.</subfield>
  </datafield>
  <datafield tag="505" ind1=" " ind2=" ">
    <subfield code="a">Palabras preliminares /</subfield>
    <subfield code="r">Daniel J. O&#xB4;neil.--</subfield>
    <subfield code="t">Introducci&#xF3;n: una mirada a la(s) fronteras(s).--</subfield>
    <subfield code="r">Haroldo Dilla Alfonso.--</subfield>
    <subfield code="t">01 Notas para la historia de la frontera dominico- haitiana. /</subfield>
    <subfield code="r">Haroldo Dilla Alfonso. / Clarissa Carmona.--</subfield>
    <subfield code="t">02 Los corredores transfronterizos desde la perspectiva ambiental: una oportunidad para el desarrollo. /</subfield>
    <subfield code="r">N&#xE9;stor S&#xE1;nchez.--</subfield>
    <subfield code="t">03 La nueva econom&#xED;a fronteriza. /</subfield>
    <subfield code="r">Haroldo Dilla Alfonso.--</subfield>
    <subfield code="t">04 Diagn&#xF3;stico de los agroecositemas de la cuenca transfronteriza del r&#xED;o Pedernales. /</subfield>
    <subfield code="r">Stervins Alexis.--</subfield>
    <subfield code="t">05 Los cambios sociales y demogr&#xE1;ficos en la frontera. /</subfield>
    <subfield code="r">Haroldo Dilla Alfonso.--</subfield>
    <subfield code="t">06 La nueva geograf&#xED;a de la frontera: corredores, regiones econ&#xF3;micas y complejos urbanos transfronterizos. /</subfield>
    <subfield code="r">Haroldo Dilla Alfonso.--</subfield>
    <subfield code="t">07 Legalidad e institucionalidad de la frontera. /</subfield>
    <subfield code="r">Haroldo Dilla Alfonso.--</subfield>
    <subfield code="t">08 Lenguaje y raza en la frontera dominco- haitiana: apuntes antropol&#xF3;gicos. /</subfield>
    <subfield code="r">Gerald Murray.--</subfield>
    <subfield code="t">09 &#xBF;C&#xF3;mo son percibidos los haitianos en frontera?: el caso de Dajab&#xF3;n. /</subfield>
    <subfield code="r">Sobeida de Jes&#xFA;s Cedano.--</subfield>
    <subfield code="t">Anexos.--</subfield>
    <subfield code="t">Sobre los Autores.</subfield>
  </datafield>
  <datafield tag="590" ind1=" " ind2=" ">
    <subfield code="a">Inventariado 2022 / MF</subfield>
  </datafield>
  <datafield tag="650" ind1=" " ind2="4">
    <subfield code="9">5195</subfield>
    <subfield code="a">Pol&#xED;tica de fronteras</subfield>
    <subfield code="x">Ensayos, conferencias, etc.</subfield>
    <subfield code="z">Rep&#xFA;blica Dominicana- Hait&#xED;</subfield>
  </datafield>
  <datafield tag="650" ind1=" " ind2="4">
    <subfield code="9">5196</subfield>
    <subfield code="a">L&#xED;mites</subfield>
    <subfield code="x">Ensayos, conferencias, etc.</subfield>
    <subfield code="z">Rep&#xFA;blica Dominicana- Hait&#xED;</subfield>
  </datafield>
  <datafield tag="651" ind1=" " ind2="4">
    <subfield code="9">46033</subfield>
    <subfield code="a">Rep&#xFA;blica Dominicana</subfield>
    <subfield code="x">Fronteras</subfield>
    <subfield code="z">Hait&#xED;</subfield>
  </datafield>
  <datafield tag="700" ind1="1" ind2=" ">
    <subfield code="a">Dilla Alsonso, Haraldo </subfield>
    <subfield code="9">82884</subfield>
  </datafield>
  <datafield tag="700" ind1="1" ind2=" ">
    <subfield code="a">Stervin,  Alexis </subfield>
    <subfield code="9">82885</subfield>
  </datafield>
  <datafield tag="700" ind1="1" ind2=" ">
    <subfield code="a">Antoine, Max </subfield>
    <subfield code="9">82886</subfield>
  </datafield>
  <datafield tag="700" ind1="1" ind2=" ">
    <subfield code="9">5201</subfield>
    <subfield code="a">Carmona, Clarissa</subfield>
  </datafield>
  <datafield tag="700" ind1="1" ind2=" ">
    <subfield code="a">Cedano, Sobeida de Jes&#xFA;s</subfield>
    <subfield code="9">65218</subfield>
  </datafield>
  <datafield tag="710" ind1="2" ind2=" ">
    <subfield code="a">Fundaci&#xF3;n Panamericana para el Desarrollo (PADF).</subfield>
    <subfield code="9">82887</subfield>
  </datafield>
  <datafield tag="710" ind1="2" ind2=" ">
    <subfield code="a">Fondo Mundial de Inversiones (FORMIN)</subfield>
    <subfield code="9">82888</subfield>
  </datafield>
  <datafield tag="710" ind1="2" ind2=" ">
    <subfield code="a">Banco Interamericano de Desarrollo</subfield>
    <subfield code="9">9655</subfield>
  </datafield>
  <datafield tag="710" ind1="2" ind2=" ">
    <subfield code="a">Organizaci&#xF3;n de los  Estados Americanos </subfield>
    <subfield code="9">17918</subfield>
  </datafield>
  <datafield tag="910" ind1=" " ind2=" ">
    <subfield code="a">MFeliz</subfield>
  </datafield>
  <datafield tag="942" ind1=" " ind2=" ">
    <subfield code="2">ddc</subfield>
    <subfield code="c">LBS1</subfield>
  </datafield>
  <datafield tag="952" ind1=" " ind2=" ">
    <subfield code="0">0</subfield>
    <subfield code="1">0</subfield>
    <subfield code="2">ddc</subfield>
    <subfield code="5">1</subfield>
    <subfield code="7">0</subfield>
    <subfield code="8">PD</subfield>
    <subfield code="a">BNPHU</subfield>
    <subfield code="b">BNPHU</subfield>
    <subfield code="c">CT</subfield>
    <subfield code="d">2022-05-19</subfield>
    <subfield code="e">Donaci&#xF3;n</subfield>
    <subfield code="o">BNPHU PD F935d</subfield>
    <subfield code="p">2022-5777</subfield>
    <subfield code="r">2022-11-28</subfield>
    <subfield code="w">2022-11-28</subfield>
    <subfield code="y">LBS1</subfield>
    <subfield code="z">Donado por Ubi Rivas.</subfield>
  </datafield>
  <datafield tag="999" ind1=" " ind2=" ">
    <subfield code="c">53013</subfield>
    <subfield code="d">53013</subfield>
  </datafield>
</record>
